| 000 | 01351nam a22002657i 4500 | ||
|---|---|---|---|
| 999 |
_c22921 _d22921 |
||
| 003 | AR-CdUCM | ||
| 008 | 240523b20212021pe ||||| |||| 00| 0 spa d | ||
| 020 | _a978-612-48745-5-0 | ||
| 040 |
_aMUNICIPALIDAD PROVINCIAL DEL CUSCO _cBIBLIOTECA MUNICIPAL DEL CUSCO |
||
| 041 | _hspa | ||
| 082 |
_a985.04 / M61 _bM61 |
||
| 110 |
_aMinisterio de Cultura del Perú - Proyecto Especial Bicentenario de la Independencia del Perú _949983 |
||
| 245 |
_aOkaratsi 200 abisayetake Osarentsipaye isampitantsi : _bYora escolarespayeni Sankinabaeriantsi, sankinatakoyetsirori ikantsi osaikakotsi / (texto en Asháninka) |
||
| 260 |
_aLima : _bMinisterio de Cultura del Perú, _c2021 |
||
| 300 |
_a149 páginas. : _c24cm. |
||
| 505 | _aApanpitashireakotyaro okanta asaikajetajeni kametsa -- Okantanaka paerani -- Okantayetani osarentsikipaye -- Kantakoyetajerori -- Obayeretantsi -- San Martín Bolívar tsikatsityakotakajerori -- El Perú otikatsityakojetajain -- Apanpitashireakotyaro okanta bicentenario | ||
| 650 |
_aApanpitashireakotyaro okanta asaikajetajeni kametsa _949984 |
||
| 650 |
_aTexto en Asháninka _950004 |
||
| 650 |
_aOkantanaka paerani _949985 |
||
| 650 |
_aOkantayetani osarentsikipaye _949986 |
||
| 650 |
_aKantakoyetajerori _949987 |
||
| 856 | _fwww.bicentenario.gob.pe/biblioteca | ||
| 942 |
_2ddc _cLIBROS |
||
| 945 |
_apbj _d2024-05-23 |
||